Lataa...
Modern teacher training
| Päätekijä: | |
|---|---|
| Aineistotyyppi: | Printed Book |
| Kieli: | English |
| Julkaistu: |
New Delhi
Anmol publications
2004
|
| Painos: | I |
| Aiheet: |
| LEADER | 00452nam a2200145Ia 4500 | ||
|---|---|---|---|
| 008 | 101008s9999 xx 000 0 eng d | ||
| 100 | |a Veer, Udai | ||
| 245 | |a Modern teacher training | ||
| 250 | |a I | ||
| 260 | |b Anmol publications |a New Delhi |c 2004 | ||
| 300 | |a 411 | ||
| 650 | |a Teacher Education | ||
| 942 | |c BK | ||
| 999 | |c 184567 |d 184567 | ||
| 952 | |0 0 |1 0 |4 0 |7 0 |9 203860 |a EDU |b EDU |c ST1 |d 2010-10-20 |i 6186 |l 8 |p EDU6186 |q 2022-02-03 |r 2022-01-03 |s 2022-01-03 |w 2010-10-20 |y BK | ||